000 00552nam a2200205 4500
999 _c3085
_d3085
003 OSt
005 20210401125803.0
008 160226b xxu||||| |||| 00| 0 eng d
020 _a0333666321
040 _c040a
082 _a301 DEV 1999
100 _aDevine, Fiona; Heath, Sue
_96844
245 _aSociological Research:
_bmethods in context
260 _aHampshire
_bMacmillan press
_c1999
300 _ax, 228p;
_bill :
_c8 cm
504 _aincludes index
650 _aResearch methods
_96833
650 _aSociology
_92259
942 _2ddc
_cSLOAN